Tính toán kết cấu bê tông cốt thép theo mô hình giàn ảo
Nội dung của cuốn sách gồm 3 chương liên quan đến khái niệm về lý thuyết mô hình giàn ảo, áp dụng phương pháp giàn ảo để phân tích thiết kế dầm và một số ví dụ tính toán.
محفوظ في:
| المؤلف الرئيسي: | |
|---|---|
| التنسيق: | كتاب |
| اللغة: | Undetermined |
| منشور في: |
Hà Nội
Xây dựng
2005
|
| الموضوعات: | |
| الوسوم: |
إضافة وسم
لا توجد وسوم, كن أول من يضع وسما على هذه التسجيلة!
|
| Thư viện lưu trữ: | Trung tâm Học liệu Trường Đại học Cần Thơ |
|---|
| LEADER | 00931nam a2200217Ia 4500 | ||
|---|---|---|---|
| 001 | CTU_101169 | ||
| 008 | 210402s9999 xx 000 0 und d | ||
| 020 | |c 20000 | ||
| 082 | |a 624.25 | ||
| 082 | |b Tr513 | ||
| 100 | |a Nguyễn, Viết Trung | ||
| 245 | 0 | |a Tính toán kết cấu bê tông cốt thép theo mô hình giàn ảo | |
| 245 | 0 | |c Nguyễn Viết Trung chủ biên | |
| 260 | |a Hà Nội | ||
| 260 | |b Xây dựng | ||
| 260 | |c 2005 | ||
| 520 | |a Nội dung của cuốn sách gồm 3 chương liên quan đến khái niệm về lý thuyết mô hình giàn ảo, áp dụng phương pháp giàn ảo để phân tích thiết kế dầm và một số ví dụ tính toán. | ||
| 650 | |a Bridges,Concrete construction | ||
| 650 | |x Design and construction | ||
| 904 | |i Minh | ||
| 980 | |a Trung tâm Học liệu Trường Đại học Cần Thơ | ||